| 000 | 00734nam a2200217Ia 4500 | ||
|---|---|---|---|
| 003 | URS | ||
| 005 | 20240419212020.0 | ||
| 008 | 240418s9999 xx 000 0 und d | ||
| 020 | _a978-621-418-268-8 | ||
| 040 | _cURS | ||
| 050 |
_aFIL GV 341 _b.C63 2022 |
||
| 100 |
_aCobar, Alvin George C, _eauthor |
||
| 245 | 0 |
_aMovement literacy and engagement :a text and workbook for physical activity towards health and fitness (PATHFIT) 1 _cAlvin George C. Cobar |
|
| 300 |
_aiii, 191 pages: _bwith illustrations. |
||
| 336 |
_atext _btxt _2rdacontent |
||
| 337 |
_aunmediated _bn _2rdamedia |
||
| 338 |
_avolume _bnc _2rdacarrier |
||
| 504 | _aincludes bibliographical references | ||
| 700 | _aDimacurot, Heildenberg C. | ||
| 942 |
_cBK _2lcc |
||
| 999 |
_c79182 _d79181 |
||